Principles of cell biology (Record no. 394102)
[ view plain ]
| 000 -LEADER | |
|---|---|
| fixed length control field | 00487 a2200193 4500 |
| 005 - DATE & TIME | |
| control field | 20260121163711.0 |
| 008 - FIXED-LENGTH DATA ELEMENTS--GENERAL INFORMATION | |
| fixed length control field | 260121b |||||||| |||| 00| 0 eng d |
| 020 ## - ISBN | |
| International Standard Book Number | 9798898485955 |
| Price | $ 155.00 |
| 040 ## - CATALOGING SOURCE | |
| Original cataloging agency | VIVEKANANDA LIBRARY |
| 082 ## - DDC NUMBER | |
| Classification number | 574.87 |
| Book Number | M317P |
| 100 ## - MAIN ENTRY--PERSONAL NAME | |
| Personal name | Mansfield, Mansfield |
| 245 ## - TITLE STATEMENT | |
| Title | Principles of cell biology |
| 260 ## - PUBLICATION, DISTRIBUTION, ETC. (IMPRINT) | |
| Name of publisher, distributor, etc | Cell Publishing |
| Date of publication, distribution, etc | 2026 |
| Place of publication, distribution, etc | Wyoming |
| 300 ## - PHYSICAL DESCRIPTION | |
| Pages | 185 |
| 650 ## - Subject | |
| Subject | Cell Biology |
| 650 ## - Subject | |
| Subject | Cell Physiology |
| 650 ## - Subject | |
| Subject | Stem Cells |
| 942 ## - ADDED ENTRY ELEMENTS (KOHA) | |
| Koha item type | Books |
| Withdrawn status | Lost status | Source of classification or shelving scheme | Damaged status | Not for loan | Location (home branch) | Sublocation or collection (holding branch) | Shelving location | Date acquired | Koha issues (times borrowed) | Koha full call number | Accession No. | Koha date last seen | Koha item type |
|---|---|---|---|---|---|---|---|---|---|---|---|---|---|
| Dewey Decimal Classification | VIVEKANANDA LIBRARY | VIVEKANANDA LIBRARY | Vivekananda Library | 05/01/2026 | 574.87 M317P | 444196 | 05/01/2026 | Books |
